00467 2200181 4500245005900000020001800059250000900077100002100086100002000107700002100127650001700148005001900165260003100184041001400215084001300229300003400242336000900276 aSeiho Boys' High School Vol. 3cIzumi, KaneyoshihText a9786022109440 a2013 aIzumi, Kaneyoshi aIne Martiana K. aFrisian Yuniardi aKomik Jepang a20230907133656 aJakartabPT Gramediac2013 aIndonesia a741.5592 a... jil. :bilus. ;c17,5 cm. atext